000 00826nam a22002057a 4500
999 _c210
_d210
003 AR-CdUCM
008 190222b ||||| |||| 00| 0 spa d
040 _aMUNICIPALIDAD PROVINCIAL DEL CUSCO
_cBIBLIOTECA MUNICIPAL DEL CUSCO
082 _a985.061 /
_bR68
100 _aRivas, Ernesto A.
_9940
245 _aNuestros Héroes :
_bEpisodios nacionales de la guerra del Pacífico 1879 - 1883 /
_cRivas, Ernesto A.
260 _aLima - Perú :
_bEd. Universo,
_c1979.
300 _a168 páginas ;
_bilustraciones,
_c22 cm.
505 _aEl último combatiente -- un peruano de corazón -- los dos sargentos -- un héroe del abismo -- una mujer valiente ...
650 _aHistoria del Perú.
_9259
650 _aGuerra del pacifico.
_9941
650 _aÉpoca Republicana.
_9202
942 _2ddc
_cLIBROS
945 _aachl
_d2019-02-22